UCL MVP By Year - Statistics

General Stats
  • This quiz has been taken 221 times
  • The average score is 22 of 27
Answer Stats
Season Player Nationality Club Goal+Assist (UCL) % Correct
07-08 Cristiano Ronaldo Portugal Manchester United 8G1A
99%
2014 Cristiano Ronaldo Portugal Real Madrid 17G5A
99%
2016 Cristiano Ronaldo Portugal Real Madrid 16G4A
99%
2017 Cristiano Ronaldo Argentina Real Madrid 12G6A
99%
2023 Erling Haaland Norway Manchester City 12G1A
98%
08-09 Lionel Messi Argentina FC Barcelona 9G5A
98%
2011 Lionel Messi Argentina FC Barcelona 12G4A
98%
2015 Lionel Messi Argentina FC Barcelona 10G6A
98%
97-98 Ronaldo Brazil Inter
98%
2018 Luca Modric Croatia Real Madrid 1G1A
97%
2024 Vinicius Junior Brazil Real Madrid 6G5A
97%
2020 Roberto Lewandowski Poland Bayern Munich 15G6A
96%
2022 Karim Benzema France Real Madrid 15G2A
94%
2019 Virgil van Dijk Netherlands Liverpool FC 0G0A
94%
05-06 Ronaldinho Brazil FC Barcelona 7G4A
90%
2012 Andres Iniesta Spain FC Barcelona 3G1A
88%
06-07 Kaka Brazil AC Milan 10G3A
88%
2013 Frank Ribery France Bayern Munich 1G5A
85%
04-05 Steven Gerrard England Liverpool FC 4G3A
83%
2021 Jorginho Italy Chelsea 1G1A
80%
01-02 Zinedine Zidane France Real Madrid 3G2A
79%
02-03 Gianluigi Buffon Italy Juventus 0G0A
72%
98-99 David Beckham England Manchester United 2G8A
69%
09-10 Diego Milito Argentina Inter 6G3A
60%
03-04 Deco Portugal Porto 2G10A
55%
00-01 Stefan Effenberg Germany Bayern Munich 1G2A
9%
99-00 Fernando Redondo Spain Real Madrid 0G1A
4%
No matching quizzes found
Score Distribution
Percent of People with Each Score
Percentile by Number Answered
Your Score History
You have not taken this quiz